Applied Dental Materials / (Record no. 37003)
[ view plain ]
| 000 -LEADER | |
|---|---|
| fixed length control field | 00557nam a22001937a 4500 |
| 005 - DATE AND TIME OF LATEST TRANSACTION | |
| control field | 20250731150059.0 |
| 008 - FIXED-LENGTH DATA ELEMENTS--GENERAL INFORMATION | |
| fixed length control field | 250731b |||||||| |||| 00| 0 eng d |
| 020 ## - INTERNATIONAL STANDARD BOOK NUMBER | |
| ISBN | 978-1-4051-3961-8 |
| 082 ## - DEWEY DECIMAL CLASSIFICATION NUMBER | |
| Classification number | 617.695 |
| Item number | MCC-A |
| 100 ## - MAIN ENTRY--AUTHOR | |
| Author Name | McCade, John F. |
| 245 ## - TITLE STATEMENT | |
| Title | Applied Dental Materials / |
| Statement of responsibility, etc. | by John F.McCabe , By Angus W.G.Walls |
| 250 ## - EDITION STATEMENT | |
| Edition statement | 15th ed. |
| 260 ## - PUBLICATION, DISTRIBUTION, ETC. | |
| Place of Publication | China : |
| Name of publisher, distributor, etc. | Blackwell ; |
| Date of publication, distribution, etc. | 2022 . |
| 300 ## - PHYSICAL DESCRIPTION | |
| Pages | viii , 303 p. : |
| 500 ## - GENERAL NOTE | |
| General note | Include Index. |
| 650 ## - SUBJECT ADDED ENTRY--TOPICAL TERM | |
| Subject / Department | Medical / Dentistry |
| 700 ## - ADDED ENTRY--PERSONAL NAME | |
| Personal name | Angus W.G.Walls |
| 300 ## - PHYSICAL DESCRIPTION | |
| -- | ill ; |
| -- | 24.5 cm . |
| 952 ## - LOCATION AND ITEM INFORMATION (KOHA) | |
| -- | 0 |
| -- | 0 |
| -- | 3500.00 |
| 952 ## - LOCATION AND ITEM INFORMATION (KOHA) | |
| -- | 0 |
| -- | 0 |
| -- | 3500.00 |
| 952 ## - LOCATION AND ITEM INFORMATION (KOHA) | |
| -- | 0 |
| -- | 0 |
| -- | 3500.00 |
| 952 ## - LOCATION AND ITEM INFORMATION (KOHA) | |
| -- | 0 |
| -- | 0 |
| -- | 3500.00 |
| 952 ## - LOCATION AND ITEM INFORMATION (KOHA) | |
| -- | 0 |
| -- | 0 |
| -- | 3500.00 |
| Lost status | Damaged status | Permanent Location | Current Location | Shelving Location | Date acquired | Source of acquisition | Full Call Number | Accession No./Barcode | Date last seen | Copy number | item type | Koha item type |
|---|---|---|---|---|---|---|---|---|---|---|---|---|
| Superior Information Resource Center (SIRC) Superior University- Central Library | Superior Information Resource Center (SIRC) Superior University- Central Library | BDS-Dentistry | 07/31/2025 | Imperial book company | 617.695 MCC-A 2022 | 20177 | 10/20/2025 | 1 | BOOK | BOOK | ||
| Superior Information Resource Center (SIRC) Superior University- Central Library | Superior Information Resource Center (SIRC) Superior University- Central Library | BDS-Dentistry | 07/31/2025 | Imperial book company | 617.695 MCC-A 2022 | 20178 | 05/06/2026 | 2 | BOOK | BOOK | ||
| Superior Information Resource Center (SIRC) Superior University- Central Library | Superior Information Resource Center (SIRC) Superior University- Central Library | BDS-Dentistry | 07/31/2025 | Imperial book company | 617.695 MCC-A 2022 | 20179 | 07/31/2025 | 3 | BOOK | BOOK | ||
| Superior Information Resource Center (SIRC) Superior University- Central Library | Superior Information Resource Center (SIRC) Superior University- Central Library | BDS-Dentistry | 07/31/2025 | Imperial book company | 617.695 MCC-A 2022 | 20180 | 05/06/2026 | 4 | BOOK | BOOK | ||
| Superior Information Resource Center (SIRC) Superior University- Central Library | Superior Information Resource Center (SIRC) Superior University- Central Library | BDS-Dentistry | 07/31/2025 | Imperial book company | 617.695 MCC-A 2022 | 20181 | 07/31/2025 | 5 | BOOK | BOOK |
